Shakespeares language (Record no. 4589)

MARC details
000 -LEADER
fixed length control field 00471cam a2200193ua 4500
001 - CONTROL NUMBER
control field 5412
005 - DATE AND TIME OF LATEST TRANSACTION
control field 20260515113859.0
008 - FIXED-LENGTH DATA ELEMENTS--GENERAL INFORMATION
fixed length control field 120901n xxk |||gr||||Z||||||eng
020 ## - INTERNATIONAL STANDARD BOOK NUMBER
International Standard Book Number 0-14-028592-X
040 ## - CATALOGING SOURCE
Transcribing agency MAIN
082 ## - DEWEY DECIMAL CLASSIFICATION NUMBER
Classification number 822
100 1# - MAIN ENTRY--PERSONAL NAME
Personal name Kermode, Franke,
Relator term Author,
245 11 - TITLE STATEMENT
Title Shakespeares language
Statement of responsibility, etc. by Franke kermode
250 ## - EDITION STATEMENT
Edition statement 1st.
260 ## - PUBLICATION, DISTRIBUTION, ETC.
Place of publication, distribution, etc. london:
Name of publisher, distributor, etc. Penguin books ltd.,
Date of publication, distribution, etc. 2001.
300 ## - PHYSICAL DESCRIPTION
Extent 324p:
Dimensions 15cm.
653 ## - INDEX TERM--UNCONTROLLED
Uncontrolled term English drama
942 ## - ADDED ENTRY ELEMENTS (KOHA)
Koha item type Books
Holdings
Withdrawn status Lost status Damaged status Not for loan Home library Current library Shelving location Date acquired Total checkouts Full call number Barcode Date last seen Copy number Price effective from Koha item type
        Naharkatiya College Library Naharkatiya College Library General stacks 09/19/2020   822 | KER 15609 09/19/2020 1 09/19/2020 Books